[Event "Steinthor Baldursson memorial 2018"]
[Site "?"]
[Date "2018.01.07"]
[Round "7"]
[White "Briem, Benedikt"]
[Black "Heidarsson, Arnar"]
[Result "1-0"]
[WhiteElo "1464"]
[BlackElo "1592"]
[PlyCount "83"]
[EventDate "2018.??.??"]
[EventType "swiss"]
[EventCountry "ISL"]
[SourceTitle "Kopavogur"]
[TimeControl "5400+30"]
[WhiteClock "0:54:13"]
[BlackClock "0:29:13"]

1. d4 {[%emt 0:04:08]} Nf6 {[%emt 0:00:00]} 2. Nf3 {[%emt 0:00:35]} e6 {[%emt 0:00:20]} 3. Bf4 {[%emt 0:00:18]} d5 {[%emt 0:01:30]} 4. e3 {[%emt 0:00:09]} Bd6 {[%emt 0:01:20]} 5. Bg3 {[%emt 0:00:16]} O-O {[%emt 0:00:20]} 6. Bd3 {[%emt 0:00:24]} b6 {[%emt 0:01:10]} 7. Nbd2 {[%emt 0:00:32]} Bb7 {[%emt 0:00:42]} 8. c3 {[%emt 0:00:37]} Ne4 {[%emt 0:06:55]} 9. Qc2 {[%emt 0:02:35]} f5 {[%emt 0:00:36]} 10. Ne5 {[%emt 0:01:50]} Nd7 {[%emt 0:01:06]} 11. Nxd7 Qxd7 {[%emt 0:00:13]} 12. f4 {[%emt 0:05:02]} c5 {[%emt 0:01:54]} 13. Nf3 {[%emt 0:01:09]} c4 {[%emt 0:03:37]} 14. Bxe4 {[%emt 0:01:09]} fxe4 {[%emt 0:00:51]} 15. Ne5 {[%emt 0:00:14]} Bxe5 {[%emt 0:01:16]} 16. fxe5 {[%emt 0:00:38]} b5 {[%emt 0:00:33]} 17. Bf4 {[%emt 0:03:02]} a5 {[%emt 0:01:29]} 18. O-O {[%emt 0:00:38]} Qe7 {[%emt 0:02:00]} 19. Qe2 {[%emt 0:02:29]} b4 {[%emt 0:02:32]} 20. Qc2 {[%emt 0:01:34]} Bc6 {[%emt 0:01:39]} 21. a3 {[%emt 0:03:07]} bxa3 {[%emt 0:00:33]} 22. Rxa3 {[%emt 0:01:35]} a4 {[%emt 0:00:30]} 23. Qe2 {[%emt 0:02:05]} Rfb8 {[%emt 0:00:10]} 24. Rfa1 {[%emt 0:04:15]} Rb6 {[%emt 0:00:25]} 25. Kf1 {[%emt 0:03:17]} Rab8 {[%emt 0:00:23]} 26. R3a2 {[%emt 0:03:06]} Qb7 {[%emt 0:00:14]} 27. Rb1 {[%emt 0:00:39]} Rb3 {[%emt 0:01:03]} 28. Qg4 {[%emt 0:04:54]} Bd7 {[%emt 0:02:28]} 29. Bh6 {[%emt 0:00:22]} Be8 {[%emt 0:04:37]} 30. Qxe6+ {[%emt 0:10:30]} Qf7+ {[%emt 0:00:13]} 31. Qxf7+ {[%emt 0:00:02]} Kxf7 {[%emt 0:00:13]} 32. Bf4 {[%emt 0:00:40]} Ke6 {[%emt 0:00:08]} 33. Ke2 {[%emt 0:04:35]} a3 {[%emt 0:01:16]} 34. Kd2 {[%emt 0:00:30]} Ba4 {[%emt 0:01:29]} 35. Kc1 {[%emt 0:01:46]} axb2+ {[%emt 0:00:54]} 36. Rbxb2 {[%emt 0:02:26]} Rxc3+ {[%emt 0:00:24]} 37. Kb1 {[%emt 0:00:20]} Bb3 {[%emt 0:01:50]} 38. Ra6+ {[%emt 0:01:13]} Ke7 {[%emt 0:01:30]} 39. e6 {[%emt 0:00:53]} Rd3 {[%emt 0:02:45]} 40. Rd2 {[%emt 0:04:24]} Ba4+ {[%emt 0:01:54]} 41. Bxb8 {[%emt 0:01:39]} Rxd2 {[%emt 0:03:15]} 42. Bd6+ {[%emt 0:02:10]} 1-0